000 nam a22 a 4500
999 _c4303
_d4303
003 AKMAL
005 20170526161307.0
008 170526t1998 cc g 001 0 eng d
020 _a0717297446 (hbk.)
040 _aAKMAL
082 0 4 _a332.024 CLA
_222
090 0 0 _a332.024
_bCLA
100 1 _aClaxton, John
_98385
245 1 0 _aManaging your personal finances :
_bhow to achieve financial security and survive the shrinking welfare state /
_c[John Claxton]
250 _aDeluxe Ed,.
260 _aHong Kong :
_bGrolier Intl.Inc.,
_cc1998
300 _a154p. ;
_c24cm.
490 1 _aGrolier business library
504 _aIncludes bibliographical references and index
599 _aLULUS
650 1 0 _aFinancial, Personal
_98386
650 2 0 _aFinancial security
_98387
830 0 _aGrolier business library
_98353
942 _2ddc
_cBOOK
950 _lAKMAL